Statistics for Assassinations #2

Click here to take the quiz!

General Stats

  • This quiz has been taken 166 times
  • The average score is 10 of 15

Answer Stats

WhenWhereWho was assassinated% Correct
22 November 1963Dallas, Texas, United StatesJohn F. Kennedy
96%
28 June 1914Sarajevo, Austria-HungaryArchduke Franz Ferdinand of Austria
90%
31 October 1984New Delhi, IndiaIndira Gandhi
85%
4 April 1968Memphis, Tennessee, United StatesMartin Luther King Jr.
85%
20 October 2011Sirte, LibyaMuammar Gaddafi
78%
2 May 2011Abbottabad, PakistanOsama bin Laden
76%
6 October 1981Cairo, EgyptAnwar Sadat
63%
20 August 1940Coyoacán, MexicoLeon Trotsky
59%
27 November 1978San Francisco, California, United StatesHarvey Milk
54%
21 February 1965Washington Heights, New York, United StatesMalcolm X
54%
9 March 1997Los Angeles, California, United StatesNotorious B.I.G
54%
22 February 1986Stockholm, SwedenOlof Palme
53%
4 November 1995Tel Aviv, IsraelYitzhak Rabin
49%
13 March 1881Winter Palace, St.Petersburg, Russian EmpireAlexander II of Russia
47%
17 January 1961Lubumbashi, Democratic Republic of the CongoPatrice Lumumba
24%

Score Distribution

Percentile by Number Answered

Percent of People with Each Score

Your Score History

You have not taken this quiz